Every City in Euro Truck Simulator 2 on Map - Statistics

General Stats
  • This quiz has been taken 967 times
    422 since last reset
  • The average score is 130 of 329
Answers on the Map
Answers color-coded by a green-red scale on the quiz's map according to % correct below.
 
Answer Stats
DLC Country City % Correct
Base game United Kingdom London
87%
Base game France Paris
86%
Base game Germany Berlin
83%
Going East! Poland Warszawa
80%
Base game United Kingdom Manchester
79%
Base game Netherlands Amsterdam
78%
Base game Czech Republic Praha
78%
Scandinavia Norway Oslo
77%
Base game Austria Wien
77%
Base game Switzerland Bern
76%
Base game Belgium Brussel
76%
Base game Italy Milano
76%
Base game United Kingdom Glasgow
75%
Base game United Kingdom Liverpool
75%
Italia Italy Roma
75%
Base game United Kingdom Edinburgh
74%
Base game Germany Hamburg
74%
Base game Germany München
74%
Base game Netherlands Rotterdam
74%
Iberia Spain Barcelona
73%
Base game Slovakia Bratislava
73%
Base game France Calais
73%
Base game France Lyon
73%
Iberia Spain Madrid
73%
Base game Switzerland Zürich
73%
Going East! Poland Gdańsk
72%
Base game Switzerland Genève
72%
Going East! Hungary Budapest
71%
Base game United Kingdom Cardiff
71%
Beyond the Baltic Sea Finland Helsinki
71%
Base game Luxembourg Luxembourg
71%
Scandinavia Sweden Stockholm
71%
Base game Italy Torino
71%
Scandinavia Denmark København
70%
Going East! Poland Kraków
70%
Beyond the Baltic Sea Latvia Rīga
70%
Base game Italy Venezia
70%
Base game United Kingdom Aberdeen
69%
Greece Greece Athens
69%
Base game United Kingdom Birmingham
69%
Base game Germany Frankfurt am Main
69%
Base game United Kingdom Newcastle-upon-Tyne
69%
Base game United Kingdom Dover
68%
Base game France Lille
68%
Iberia Portugal Lisboa
68%
Base game Austria Salzburg
68%
Base game France Strasbourg
68%
Base game Czech Republic Brno
67%
Road to the Black Sea Turkey İstanbul
67%
Base game Germany Köln
67%
Vive la France ! France Marseille
67%
Vive la France ! France Nice
67%
Beyond the Baltic Sea Estonia Tallinn
67%
Base game Germany Düsseldorf
66%
Italia Italy Napoli
66%
Iberia Portugal Porto
66%
Beyond the Baltic Sea Russia Saint Petersburg
66%
Road to the Black Sea Bulgaria Sofia
66%
Scandinavia Norway Bergen
65%
Road to the Black Sea Romania Bucureșt
65%
Scandinavia Sweden Malmö
65%
Beyond the Baltic Sea Lithuania Vilnius
65%
Base game Austria Graz
64%
Vive la France ! France Bordeaux
63%
Base game Germany Dresden
63%
Base game Austria Innsbruck
63%
Base game Germany Stuttgart
63%
Base game Poland Szczecin
63%
Base game Germany Dortmund
62%
Base game Germany Kiel
62%
Italia Italy Palermo
62%
Base game United Kingdom Southampton
62%
Iberia Spain València
62%
Base game Germany Bremen
61%
Base game Germany Leipzig
61%
Going East! Poland Łódź
61%
Base game United Kingdom Plymouth
61%
Base game United Kingdom Swansea
61%
Vive la France ! France Toulouse
61%
West Balkans Croatia Zagreb
61%
Italia Italy Bari
60%
Italia Italy Genova
60%
Base game Germany Hannover
60%
Base game Austria Linz
60%
Base game Poland Wrocław
60%
West Balkans Serbia Belgrade
59%
Beyond the Baltic Sea Russia Kaliningrad
59%
Base game Belgium Liège
59%
West Balkans Bosnia and Herzegovina Sarajevo
59%
Greece Greece Thessaloniki
59%
West Balkans Albania Tirana
59%
Iberia Spain Bilbao
58%
West Balkans North Macedonia Skopje
58%
Italia Italy Firenze
56%
Base game Netherlands Groningen
56%
Going East! Poland Katowice
56%
West Balkans Slovenia Ljubljana
56%
Vive la France ! France Nantes
56%
Base game Poland Poznań
56%
Base game Italy Verona
56%
Vive la France ! France Brest
55%
West Balkans Kosovo Pristina
55%
Base game Italy Trieste
55%
Base game United Kingdom Sheffield
54%
Italia Italy Bologna
53%
Base game France Dijon
53%
Base game Germany Rostock
53%
West Balkans Croatia Split
53%
Italia Italy Cagliari
52%
Beyond the Baltic Sea Lithuania Kaunas
52%
Going East! Slovakia Košice
52%
Vive la France ! France Montpellier
52%
Going East! Czech Republic Ostrava
52%
West Balkans Montenegro Podgorica
52%
Iberia Spain Sevilla
52%
Going East! Poland Lublin
51%
Iberia Spain Zaragoza
51%
Iberia Spain Málaga
50%
Beyond the Baltic Sea Finland Turku
50%
Scandinavia Denmark Aalborg
49%
Vive la France ! France Ajaccio
49%
Base game Germany Duisburg
49%
Base game France Metz
49%
Scandinavia Sweden Uppsala
49%
Base game Germany Mannheim
48%
Beyond the Baltic Sea Finland Tampere
48%
Road to the Black Sea Bulgaria Varna
48%
Base game United Kingdom Cambridge
47%
Road to the Black Sea Romania Cluj-Napoca
47%
West Balkans Serbia Novi Sad
47%
Base game Germany Nürnberg
47%
Base game France Reims
47%
Italia Italy Catania
46%
Going East! Hungary Debrecen
46%
Vive la France ! France Le Havre
46%
Going East! Poland Białystok
45%
Base game Austria Klagenfurt am Wörthersee
45%
Scandinavia Denmark Odense
45%
Road to the Black Sea Turkey Edirne
44%
Scandinavia Sweden Göteborg
44%
Vive la France ! France Rennes
44%
Scandinavia Norway Stavanger
44%
Iberia Spain A Coruña
43%
Greece Greece Heraklion
43%
West Balkans Serbia Niš
42%
Greece Greece Rhodes
42%
Base game Germany Erfurt
41%
Base game Germany Magdeburg
41%
West Balkans Albania Durrës
40%
Iberia Portugal Faro
40%
Italia Italy Parma
40%
Road to the Black Sea Bulgaria Plovdiv
40%
Iberia Spain Vigo
40%
Iberia Spain Granada
39%
West Balkans Slovenia Maribor
39%
Italia Italy Messina
39%
Going East! Hungary Pécs
39%
Beyond the Baltic Sea Lithuania Klaipėda
38%
Scandinavia Norway Kristiansand
38%
Beyond the Baltic Sea Russia Pskov
38%
West Balkans Croatia Rijeka
38%
Going East! Hungary Szeged
38%
Beyond the Baltic Sea Estonia Tartu
38%
Road to the Black Sea Romania Timișoara
38%
Road to the Black Sea Bulgaria Burgas
37%
Beyond the Baltic Sea Estonia Narva
37%
Beyond the Baltic Sea Latvia Daugavpils
36%
Base game Germany Kassel
36%
Iberia Spain Murcia
36%
Italia Italy Ancona
35%
Base game United Kingdom Carlisle
35%
Road to the Black Sea Romania Constanța
35%
Iberia Spain Córdoba
35%
Scandinavia Sweden Linköping
35%
Iberia Spain Santander
35%
West Balkans Bosnia and Herzegovina Banja Luka
34%
Road to the Black Sea Romania Iași
34%
West Balkans Bosnia and Herzegovina Mostar
34%
Base game Germany Osnabrück
34%
Iberia Spain Pamplona
34%
Greece Greece Patras
34%
West Balkans Croatia Zadar
34%
Scandinavia Denmark Esbjerg
33%
Scandinavia Sweden Jönköping
33%
Vive la France ! France La Rochelle
33%
Italia Italy Taranto
33%
Road to the Black Sea Romania Brașov
31%
Vive la France ! France Clermont-Ferrand
31%
Scandinavia Sweden Helsingborg
31%
Scandinavia Sweden Kalmar
31%
Vive la France ! France Le Mans
31%
Going East! Poland Olsztyn
31%
Scandinavia Sweden Örebro
31%
Beyond the Baltic Sea Estonia Pärnu
31%
Italia Italy Sassari
31%
Road to the Black Sea Turkey Tekirdağ
31%
Beyond the Baltic Sea Russia Vyborg
31%
Base game United Kingdom Grimsby
30%
Going East! Slovakia Banská Bystrica
29%
Vive la France ! France Bastia
29%
Iberia Spain León
29%
Italia Italy Livorno
29%
Italia Italy Pescara
29%
Iberia Spain Valladolid
29%
Iberia Portugal Coimbra
28%
Greece Greece Larissa
28%
West Balkans Croatia Osijek
28%
Iberia Spain Salamanca
28%
Base game United Kingdom Felixstowe
27%
Iberia Spain Gijón
27%
West Balkans Slovenia Koper
27%
Base game Germany Travemünde
27%
Vive la France ! France Bayonne
26%
Road to the Black Sea Romania Craiova
26%
Beyond the Baltic Sea Finland Lahti
26%
Beyond the Baltic Sea Latvia Liepāja
26%
Vive la France ! France Limoges
26%
Road to the Black Sea Bulgaria Ruse
26%
Iberia Spain Tarragona
26%
West Balkans Albania Vlorë
26%
Iberia Spain Almería
25%
Beyond the Baltic Sea Finland Pori
25%
Road to the Black Sea Romania Galați
24%
Greece Greece Ioannina
24%
West Balkans Serbia Kragujevac
24%
Italia Italy Olbia
24%
Scandinavia Sweden Västerås
24%
West Balkans North Macedonia Bitola
23%
Italia Italy Catanzaro
23%
Greece Greece Chania
23%
Iberia Spain Badajoz
22%
Scandinavia Sweden Södertälje
22%
Scandinavia Sweden Växjö
22%
Beyond the Baltic Sea Latvia Ventspils
22%
Iberia Spain Algeciras
21%
Iberia Spain Burgos
21%
Scandinavia Denmark Frederikshavn
21%
West Balkans Montenegro Nikšić
21%
Iberia Portugal Setúbal
21%
West Balkans Bosnia and Herzegovina Tuzla
21%
Greece Greece Chios
20%
Iberia Spain Ciudad Real
20%
Iberia Spain Huelva
20%
Greece Greece Kalamata
20%
Greece Greece Kavala
20%
Beyond the Baltic Sea Finland Kotka
20%
West Balkans Slovenia Novo Mesto
20%
Road to the Black Sea Bulgaria Pleven
20%
Beyond the Baltic Sea Lithuania Šiauliai
20%
Scandinavia Sweden Trelleborg
20%
Italia Italy Villa San Giovanni
20%
Scandinavia Sweden Karlskrona
19%
Beyond the Baltic Sea Russia Luga
19%
Italia Italy Terni
19%
Iberia Spain Albacete
18%
Road to the Black Sea Romania Bacău
18%
West Balkans Albania Fier
18%
Iberia Spain Lleida
18%
Beyond the Baltic Sea Lithuania Panevėžys
18%
Vive la France ! France Porto-Vecchio
18%
Road to the Black Sea Romania Târgu Mureș
18%
Road to the Black Sea Bulgaria Veliko Tarnovo
18%
Italia Italy Cassino
17%
Beyond the Baltic Sea Finland Kouvola
17%
Road to the Black Sea Bulgaria Pernik
17%
West Balkans Bosnia and Herzegovina Zenica
17%
West Balkans Bosnia and Herzegovina Bihać
16%
Vive la France ! France Bourges
16%
Scandinavia Denmark Hirtshals
16%
Beyond the Baltic Sea Latvia Rēzekne
16%
Beyond the Baltic Sea Russia Sosnovy Bor
16%
West Balkans Montenegro Bijelo Polje
15%
Iberia Portugal Évora
15%
Scandinavia Denmark Gedser
15%
Road to the Black Sea Romania Mangalia
15%
Beyond the Baltic Sea Estonia Paldiski
15%
Vive la France ! France Roscoff
15%
Vive la France ! France Bonifacio
14%
Road to the Black Sea Romania Hunedoara
14%
Vive la France ! France Lacq
14%
Greece Greece Lamia
14%
Scandinavia Sweden Nynäshamn
14%
Road to the Black Sea Romania Pitești
14%
Beyond the Baltic Sea Lithuania Utena
14%
Road to the Black Sea Romania Cernavodă
13%
Italia Italy Suzzara
13%
Beyond the Baltic Sea Latvia Valmiera
13%
Krone Trailer Pack Germany Werlte
13%
Feldbinder Trailer Pack Germany Winsen
13%
Road to the Black Sea Romania Călărași
12%
Vive la France ! France Calvi
12%
Scandinavia Sweden Kapellskär
12%
Beyond the Baltic Sea Finland Naantali
12%
Road to the Black Sea Romania Reșița
12%
Iberia Spain Vila-real
12%
Greece Greece Argostoli
11%
Beyond the Baltic Sea Estonia Kunda
11%
Vive la France ! France L'Île-Rousse
11%
Iberia Portugal Olhão
11%
Vive la France ! France Paluel
11%
Road to the Black Sea Bulgaria Pirdop
11%
Vive la France ! France Saint-Alban-du-Rhône
11%
Iberia Spain Soria
11%
Iberia Spain Teruel
11%
Iberia Portugal Beja
10%
Road to the Black Sea Bulgaria Karlovo
10%
Beyond the Baltic Sea Lithuania Mažeikiai
10%
Greece Greece Trikala
10%
Iberia Spain Bailén
9%
Vive la France ! France Civaux
9%
Iberia Spain El Ejido
9%
Road to the Black Sea Bulgaria Kozloduy
9%
Beyond the Baltic Sea Finland Loviisa
9%
Greece Greece Mytilene
9%
Vive la France ! France Saint-Laurent
9%
Iberia Portugal Guarda
8%
Iberia Spain O Barco
8%
Beyond the Baltic Sea Finland Olkiluoto
8%
Iberia Spain Port de Sagunt
8%
Iberia Spain Puertollano
8%
Vive la France ! France Golfech
7%
West Balkans Bosnia and Herzegovina Karakaj
7%
Iberia Spain Mengíbar
7%
Iberia Spain Navia
7%
Iberia Portugal Sines
7%
Iberia Spain Almaraz
5%
Iberia Portugal Cortiçadas de Lavre
5%
Iberia Portugal Ponte de Sor
5%
Iberia Spain Vandellòs
5%
No matching quizzes found
Score Distribution
Percent of People with Each Score
Percentile by Number Answered
Your Score History
You have not taken this quiz since the last reset